|
|
|
|
| LEADER |
00000nab a2200000 a 4500 |
| 001 |
vtls008625227 |
| 003 |
SK-MaSNL |
| 005 |
20260303071859.0 |
| 008 |
060222c20060109xo drz 0 0slo |
| 038 |
|
|
|a KEVKJB
|
| 040 |
|
|
|a KEVKJB
|b slo
|c KEVKJB
|e AACR2
|
| 041 |
0 |
|
|a slo
|
| 044 |
|
|
|a xo
|c SK
|
| 080 |
|
|
|a 783.8
|2 UDC-MRF-SK2
|
| 100 |
1 |
|
|a Telepovská, Michaela
|4 ivr
|4 aut
|9 1032579
|
| 245 |
1 |
0 |
|a József Havasi: Zaspieva si s nami aj Pál Csáky
|c Michaela Telepovská, József Havasi
|
| 300 |
|
|
|b Fotogr.
|
| 610 |
2 |
7 |
|a Csermely (spevácky zbor : Košice, Slovensko)
|2 kevkjb
|9 878007
|
| 651 |
|
7 |
|a Košice (Slovensko)
|2 kevkjb
|9 18694
|
| 700 |
1 |
|
|a Havasi, József,
|d 1947-
|4 ive
|4 aut
|9 15470
|
| 773 |
0 |
|
|t Košický denník Korzár
|g Roč. IX, č. 6 (9.1.2006), s. 4
|x 1335-4566
|
| 852 |
|
|
|a KEVKJB
|b KIS3GCP
|
| 999 |
|
|
|c 1761805
|d 1763735
|